| 000 | 02453cam a22006014i 4500 | ||
|---|---|---|---|
| 003 | PE-LiUPU | ||
| 005 | 20250731165513.0 | ||
| 008 | 150623s1938 gw r 000 0 grc d | ||
| 020 | _a3438060078 | ||
| 020 | _a9783438060075 | ||
| 035 | _a(Sirsi) a24376 | ||
| 040 |
_aPE-LiUPU _bspa _cPE-LiUPU _erda |
||
| 049 | _aPRUA | ||
| 082 | 0 | 4 |
_a487.402 _bS31 _221 |
| 100 | 1 |
_aSchmoller, Alfred, _eautor. |
|
| 245 | 1 | 0 |
_aHandkonkordanz zum griechischen Neuen Testament / _cAlfred Schmoller. |
| 246 | _aPocket concordance to the Greek New Testament | ||
| 264 | 1 |
_aKorrigierte Nachdruck : _bDeutsche Bibelgesellschaft Stuttgart, _c1938. |
|
| 300 |
_a534 páginas ; _c24 centímetros |
||
| 336 |
_atext _2rdacontent |
||
| 337 |
_aunmediated _2rdamedia |
||
| 338 |
_avolume _2rdacarrier |
||
| 505 | 0 | _aHandkonkordanz zum griechischen Neuen Testament. | |
| 526 | _aSEG44 | ||
| 526 | _aSEG26 | ||
| 526 | _aP151 | ||
| 526 | _aP150 | ||
| 526 | _aP149 | ||
| 526 | _aP146 | ||
| 526 | _aP145 | ||
| 526 | _aP126 | ||
| 526 | _aP125 | ||
| 526 | _aP92 | ||
| 526 | _aP75 | ||
| 526 | _aP74 | ||
| 526 | _aP27 | ||
| 526 | _aP15 | ||
| 650 | 0 | 4 |
_aGriego bíblico _vConcordancias. |
| 910 |
_adbm _bjpc _cjpc _d20190508 |
||
| 942 |
_2ddc _cBOOK |
||
| 994 |
_aC0 _bPEPRU |
||
| 596 | _a1 | ||
| 999 |
_aRC 487.402 S31 _wDEWEY _c27847 _i38722 _f2021-11-8 _g5 _lCCODEBUL1 _mBUL _p8.00 _r0 _sY _tBOOK _u2015-6-24 _xTEOLOGIA _PP35 _0COMPRA _o.CIRCNOTE. _o.STAFF. Colección Teología _d27847 |
||
| 999 |
_aRC 487.402 S31 _wDEWEY _c3 _i38047 _f2021-11-8 _g6 _lCCODEBUL1 _mBUL _p8.00 _r0 _sY _tBOOK _u2015-6-24 _xTEOLOGIA _PP35 _0COMPRA _o.CIRCNOTE. _o.STAFF. Colección Teología |
||
| 999 |
_aRC 487.402 S31 _wDEWEY _c4 _i38720 _f2021-11-8 _g5 _lCCODEBUL1 _mBUL _p8.00 _r0 _sY _tBOOK _u2015-6-24 _xTEOLOGIA _PP35 _0COMPRA _o.CIRCNOTE. _o.STAFF. Colección Teología |
||
| 999 |
_aRC 487.402 S31 _wDEWEY _c5 _i38721 _f2021-11-8 _g5 _lCCODEBUL1 _mBUL _p8.00 _r0 _sY _tBOOK _u2015-6-24 _xTEOLOGIA _PP35 _0COMPRA _o.CIRCNOTE. _o.STAFF. Colección Teología |
||
| 999 |
_aRC 487.402 S31 _wDEWEY _c6 _i48674 _f2021-11-8 _g2 _lCCODEBUL1 _mBUL _p6.00 _r0 _sY _tBOOK _u2019-5-8 _xTEOLOGIA _PP35 _0COMPRA _o.STAFF. Colección Teología |
||
| 980 |
_81 _gALBERTO SANCHEZ Responsable de Automatización |
||